000
00197 a2200097 4500
001
8356
090
_c
6728
_d
6728
100
_a
Russell, B
245
_a
Sceptical Essays (Transfered to SOA)
260
_b
Unwin
942
_a
NUST-CAE
999
_c
243429
_d
243429